000
00348 a2200169 4500
001
191954
020
_a
85-7153-093-9
040
_c
Magnum
100
_a
Simões, Maria Lúcia
240
1
0
_a
Contos contidos
_l
por
245
1
0
_a
Contos contidos
300
_a
72
362
0
_a
2006
440
1
_a
RHJ
697
_a
LITERATURA GERAL
942
_c
BK
999
_c
191954
_d
191954